[Event "Montreal Mercredi 10"]
[Site "Montreal CAN"]
[Date "2017.11.01"]
[Round "4"]
[White "Barko, Maxim"]
[Black "O'Connor, Michael"]
[Result "1-0"]
[WhiteElo "1842"]
[BlackElo "1802"]
[WhiteFideId "-1"]
[WhiteFideId "-1"]
[PlyCount "61"]
[GameId "2160767908317554"]
[EventDate "2017.10.11"]
[EventType "swiss"]
[EventRounds "5"]
[EventCountry "CAN"]
[SourceTitle "EXT 2022"]
[Source "ChessBase"]
[SourceDate "2021.10.06"]
[SourceVersion "1"]
[SourceVersionDate "2021.10.06"]
[SourceQuality "1"]

1. d4 d5 2. c4 c6 3. Nc3 Nf6 4. Nf3 e6 5. e3 Bd6 6. Qc2 Nbd7 7. g4 Bb4 8. Bd2 Qe7 9. Rg1 g6 10. g5 Bxc3 11. bxc3 Ne4 12. Bc1 f5 13. a4 Qf7 14. Bd3 O-O 15. h4 Re8 16. Bb2 a5 17. O-O-O b6 18. cxd5 exd5 19. Qe2 Bb7 20. h5 c5 21. c4 Bc6 22. hxg6 hxg6 23. Rh1 Kf8 24. Rh4 Ke7 25. Bxe4 fxe4 26. Rf4 Qe6 27. Ne5 Nxe5 28. dxe5 Rf8 29. cxd5 Bxd5 30. Rf6 Rxf6 31. exf6+ 1-0

[Event "Montreal Mercredi 10"]
[Site "Montreal CAN"]
[Date "2017.11.01"]
[Round "4"]
[White "Brassard, Sylvain"]
[Black "Nardone, Raul"]
[Result "1-0"]
[WhiteElo "1772"]
[BlackElo "1794"]
[WhiteFideId "-1"]
[WhiteFideId "-1"]
[PlyCount "129"]
[GameId "2160767908317555"]
[EventDate "2017.10.11"]
[EventType "swiss"]
[EventRounds "5"]
[EventCountry "CAN"]
[SourceTitle "EXT 2022"]
[Source "ChessBase"]
[SourceDate "2021.10.06"]
[SourceVersion "1"]
[SourceVersionDate "2021.10.06"]
[SourceQuality "1"]

1. d4 d6 2. Nf3 Nf6 3. g3 g6 4. Bg2 Bg7 5. O-O O-O 6. c4 Nc6 7. d5 Nb8 8. Nc3 a5 9. e4 Bg4 10. Be3 Na6 11. Qd2 Bxf3 12. Bxf3 Nd7 13. Bg2 Ne5 14. b3 Rb8 15. f4 Nd7 16. Bd4 f6 17. Nb5 c6 18. Na3 c5 19. Bc3 b6 20. Nc2 Qc7 21. Bh3 Nb4 22. Ne1 Ra8 23. Bxd7 Qxd7 24. a3 Na6 25. Nd3 Qc7 26. Qb2 Rab8 27. Rab1 b5 28. Qa1 Rb7 29. e5 b4 30. axb4 axb4 31. Bb2 Ra7 32. Rbe1 Nb8 33. Qb1 fxe5 34. fxe5 Rxf1+ 35. Kxf1 Ra8 36. exd6 exd6 37. Nf4 Qf7 38. Kg1 Bxb2 39. Qxb2 Nd7 40. Ne6 Qf6 41. Qxf6 Nxf6 42. Nc7 Ra3 43. Re6 Kf7 44. Rxd6 Rxb3 45. Rc6 Ne4 46. Ne6 Rb1+ 47. Kg2 Rb2+ 48. Kh3 g5 49. Kg4 Rxh2 50. Nxg5+ Nxg5 51. Kxg5 b3 52. Rxc5 b2 53. Rb5 Rc2 54. Rb7+ Ke8 55. d6 Rxc4 56. Rxb2 Kd7 57. Rd2 Rb4 58. Rd5 Rc4 59. Kh6 Rc3 60. g4 Rh3+ 61. Kg7 Rg3 62. g5 h5 63. g6 h4 64. Kh7 h3 65. Rh5 1-0

[Event "Montreal Mercredi 10"]
[Site "Montreal CAN"]
[Date "2017.11.01"]
[Round "4"]
[White "Jacquet, Stephane"]
[Black "Chang, Alexander"]
[Result "0-1"]
[WhiteElo "1987"]
[BlackElo "1876"]
[WhiteFideId "-1"]
[WhiteFideId "-1"]
[PlyCount "74"]
[GameId "2160767908317557"]
[EventDate "2017.10.11"]
[EventType "swiss"]
[EventRounds "5"]
[EventCountry "CAN"]
[SourceTitle "EXT 2022"]
[Source "ChessBase"]
[SourceDate "2021.10.06"]
[SourceVersion "1"]
[SourceVersionDate "2021.10.06"]
[SourceQuality "1"]

1. d4 d5 2. c4 e6 3. Nc3 Nf6 4. cxd5 exd5 5. Bg5 c6 6. Qc2 Be7 7. e3 O-O 8. Bd3 h6 9. Bh4 Be6 10. Nge2 Re8 11. O-O Nbd7 12. f3 c5 13. Nf4 c4 14. Be2 Nf8 15. Rad1 Qd6 16. Bg3 Qc6 17. e4 b5 18. e5 N6h7 19. Nxe6 Nxe6 20. f4 b4 21. Na4 Rab8 22. Kh1 b3 23. axb3 Rxb3 24. f5 Qxa4 25. fxe6 fxe6 26. Bh5 Rf8 27. Bf7+ Rxf7 28. Rxf7 Kxf7 29. Qxh7 Rf3 30. Re1 Rf5 31. h4 Qb3 32. Kh2 Qxb2 33. Re3 Qd2 34. Bf2 Qxf2 35. Rg3 Bf8 36. Qg6+ Ke7 37. Ra3 Qxh4+ 0-1

[Event "Montreal Mercredi 10"]
[Site "Montreal CAN"]
[Date "2017.11.01"]
[Round "4"]
[White "Jia, Zhe"]
[Black "Gates, Claude-Eric"]
[Result "1-0"]
[WhiteElo "1823"]
[BlackElo "1821"]
[WhiteFideId "-1"]
[WhiteFideId "-1"]
[PlyCount "91"]
[GameId "2160767908317558"]
[EventDate "2017.10.11"]
[EventType "swiss"]
[EventRounds "5"]
[EventCountry "CAN"]
[SourceTitle "EXT 2022"]
[Source "ChessBase"]
[SourceDate "2021.10.06"]
[SourceVersion "1"]
[SourceVersionDate "2021.10.06"]
[SourceQuality "1"]

1. Nf3 Nf6 2. c4 d5 3. cxd5 Nxd5 4. e4 Nb6 5. d4 Bg4 6. Be2 e6 7. O-O Be7 8. Be3 O-O 9. Qc2 N8d7 10. Rd1 c6 11. Nbd2 Nf6 12. Nb3 Nbd7 13. Rac1 Bh5 14. h3 Bg6 15. Bd3 Re8 16. Nbd2 Bf8 17. Nc4 Qc7 18. Nce5 Nxe5 19. Nxe5 Rac8 20. Nxg6 hxg6 21. a3 Nh5 22. d5 exd5 23. exd5 Qa5 24. dxc6 Rxc6 25. Qb3 Rxe3 26. fxe3 Qe5 27. Bc4 Rf6 28. Rd8 Qe7 29. Rcd1 Rb6 30. Qc3 Nf6 31. Qd4 Qc7 32. e4 Qe7 33. e5 Nh5 34. b4 Ng3 35. Qd7 Qxe5 36. Qxf7+ Kh7 37. Qg8+ Kh6 38. Qh8+ Kg5 39. R8d5 Bd6 40. Qd8+ Kh6 41. Rxe5 Bxe5 42. Qh8+ Kg5 43. Rd5 Re6 44. Qc8 Kf5 45. Rxe5+ Kxe5 46. Qxe6+ 1-0

[Event "Montreal Mercredi 10"]
[Site "Montreal CAN"]
[Date "2017.11.01"]
[Round "4"]
[White "Lopez Linares, Lizandro"]
[Black "Soudre, Nicolas"]
[Result "1/2-1/2"]
[WhiteElo "2209"]
[BlackElo "2162"]
[WhiteFideId "-1"]
[WhiteFideId "-1"]
[PlyCount "41"]
[GameId "2160767908317560"]
[EventDate "2017.10.11"]
[EventType "swiss"]
[EventRounds "5"]
[EventCountry "CAN"]
[SourceTitle "EXT 2022"]
[Source "ChessBase"]
[SourceDate "2021.10.06"]
[SourceVersion "1"]
[SourceVersionDate "2021.10.06"]
[SourceQuality "1"]

1. d4 e6 2. g3 c5 3. c3 Nf6 4. Bg2 d5 5. Nh3 Nc6 6. O-O Be7 7. b3 O-O 8. Bb2 a5 9. e3 b6 10. Nf4 Ba6 11. Re1 Rc8 12. h4 Ne4 13. Nd2 Nxd2 14. Qxd2 a4 15. e4 dxe4 16. Bxe4 cxd4 17. Bxc6 dxc3 18. Qxc3 Bf6 19. Qb4 Bxb2 20. Rad1 Qc7 21. Qxa4 1/2-1/2

[Event "Montreal Mercredi 10"]
[Site "Montreal CAN"]
[Date "2017.11.01"]
[Round "4"]
[White "Millette, Sylvain"]
[Black "O'Neill, Brendon"]
[Result "1-0"]
[WhiteElo "1772"]
[BlackElo "1698"]
[WhiteFideId "-1"]
[WhiteFideId "-1"]
[PlyCount "43"]
[GameId "2160767908317561"]
[EventDate "2017.10.11"]
[EventType "swiss"]
[EventRounds "5"]
[EventCountry "CAN"]
[SourceTitle "EXT 2022"]
[Source "ChessBase"]
[SourceDate "2021.10.06"]
[SourceVersion "1"]
[SourceVersionDate "2021.10.06"]
[SourceQuality "1"]

1. e4 c5 2. d4 cxd4 3. c3 Nf6 4. e5 Nd5 5. Qxd4 e6 6. Nf3 Nc6 7. Qg4 d6 8. Bb5 dxe5 9. Nxe5 Bd7 10. Bxc6 Bxc6 11. Nxc6 bxc6 12. O-O Qb6 13. Nd2 Rd8 14. Nb3 Nf6 15. Qf3 Be7 16. Be3 c5 17. Qe2 Nd5 18. Qc4 Nxe3 19. Qa4+ Kf8 20. fxe3 c4 21. Nd4 Qc5 22. Nxe6+ 1-0

[Event "Montreal Mercredi 10"]
[Site "Montreal CAN"]
[Date "2017.11.01"]
[Round "4"]
[White "Saha, Ananda"]
[Black "Pomerantz, Daniel"]
[Result "1-0"]
[WhiteElo "2133"]
[BlackElo "2056"]
[WhiteFideId "-1"]
[WhiteFideId "-1"]
[PlyCount "79"]
[GameId "2160767908317562"]
[EventDate "2017.10.11"]
[EventType "swiss"]
[EventRounds "5"]
[EventCountry "CAN"]
[SourceTitle "EXT 2022"]
[Source "ChessBase"]
[SourceDate "2021.10.06"]
[SourceVersion "1"]
[SourceVersionDate "2021.10.06"]
[SourceQuality "1"]

1. Nf3 c5 2. g3 Nc6 3. Bg2 g6 4. O-O Bg7 5. d3 d6 6. c3 e5 7. e4 Nge7 8. Nh4 O-O 9. f4 f5 10. exf5 Nxf5 11. Nxf5 Rxf5 12. Qb3+ Kh8 13. Na3 Qe7 14. Nc4 Be6 15. Bh3 Rf6 16. Bxe6 Rxe6 17. Ne3 Rf8 18. f5 gxf5 19. Nxf5 Qd7 20. Bg5 Rg6 21. Nxg7 Rxf1+ 22. Rxf1 Kxg7 23. Be3 Rf6 24. Rxf6 Kxf6 25. Qg8 Qg7 26. Qc8 Qf7 27. g4 Kg6 28. h4 Kg7 29. Kg2 Qd5+ 30. Kf2 Ne7 31. Qd7 Qf7+ 32. Ke2 Ng6 33. Bh6+ Kg8 34. Qd8+ Nf8 35. Qxd6 Nd7 36. Qc7 Nf6 37. Qb8+ Ne8 38. Qxe5 Qg6 39. Bg5 c4 40. Qd5+ 1-0

[Event "Montreal Mercredi 10"]
[Site "Montreal CAN"]
[Date "2017.11.01"]
[Round "4"]
[White "Zumsteg, Nicolas"]
[Black "Have, Didier"]
[Result "0-1"]
[WhiteElo "1860"]
[BlackElo "1981"]
[WhiteFideId "-1"]
[WhiteFideId "-1"]
[PlyCount "70"]
[GameId "2160767908317564"]
[EventDate "2017.10.11"]
[EventType "swiss"]
[EventRounds "5"]
[EventCountry "CAN"]
[SourceTitle "EXT 2022"]
[Source "ChessBase"]
[SourceDate "2021.10.06"]
[SourceVersion "1"]
[SourceVersionDate "2021.10.06"]
[SourceQuality "1"]

1. e4 d6 2. d4 Nf6 3. Nc3 Nbd7 4. Nf3 e5 5. dxe5 dxe5 6. Bc4 Bb4 7. O-O c6 8. Bg5 h6 9. Bxf6 Qxf6 10. Ne2 Nb6 11. Bb3 Bg4 12. Ne1 Qg6 13. Nd3 Rd8 14. f3 Bc5+ 15. Kh1 Bc8 16. Qe1 Bd6 17. Qa5 Bb8 18. Nxe5 Bxe5 19. Qxe5+ Kf8 20. Rad1 Re8 21. Qa5 Nd7 22. Qxa7 h5 23. Qd4 Rh6 24. Ng3 Ne5 25. Nf5 Bxf5 26. exf5 Qxf5 27. Qb4+ Kg8 28. Qxb7 h4 29. f4 h3 30. Kg1 hxg2 31. Rf2 Qh5 32. Kxg2 Qg4+ 33. Kf1 Qxd1+ 34. Kg2 Rg6+ 35. Kh3 Qh5# 0-1

[Event "Montreal Mercredi 10"]
[Site "Montreal CAN"]
[Date "2017.10.23"]
[Round "5"]
[White "Millette, Sylvain"]
[Black "Baran, Marius"]
[Result "0-1"]
[WhiteElo "1772"]
[BlackElo "1757"]
[WhiteFideId "-1"]
[WhiteFideId "-1"]
[PlyCount "72"]
[GameId "2160767908317565"]
[EventDate "2017.10.11"]
[EventType "swiss"]
[EventRounds "5"]
[EventCountry "CAN"]
[SourceTitle "EXT 2022"]
[Source "ChessBase"]
[SourceDate "2021.10.06"]
[SourceVersion "1"]
[SourceVersionDate "2021.10.06"]
[SourceQuality "1"]

1. e4 c5 2. d4 cxd4 3. c3 d5 4. Qxd4 dxe4 5. Qxd8+ Kxd8 6. Be3 Nc6 7. Na3 a6 8. O-O-O+ Ke8 9. Nc4 Be6 10. Bb6 Nf6 11. h3 Nd5 12. Ne2 Nxb6 13. Nxb6 Rd8 14. b3 Rxd1+ 15. Kxd1 f5 16. Nf4 Bf7 17. Nfd5 e6 18. Nc7+ Kd8 19. Nca8 Bc5 20. Bc4 Ke7 21. b4 Bxf2 22. Ke2 Bxb6 23. Nxb6 Rd8 24. b5 axb5 25. Bxb5 e5 26. a4 f4 27. Ra1 Na5 28. Ke1 e3 29. Rd1 Rxd1+ 30. Kxd1 Be6 31. Ke2 Kd6 32. g3 Bxh3 33. gxf4 exf4 34. Nc4+ Nxc4 35. Bxc4 b6 36. Bd3 Bg4+ 0-1

[Event "Montreal Mercredi 10"]
[Site "Montreal CAN"]
[Date "2017.11.08"]
[Round "5"]
[White "Chang, Alexander"]
[Black "Langlois-Remillard, Alexis"]
[Result "0-1"]
[WhiteElo "1876"]
[BlackElo "1974"]
[WhiteFideId "-1"]
[WhiteFideId "-1"]
[PlyCount "116"]
[GameId "2160767908317566"]
[EventDate "2017.10.11"]
[EventType "swiss"]
[EventRounds "5"]
[EventCountry "CAN"]
[SourceTitle "EXT 2022"]
[Source "ChessBase"]
[SourceDate "2021.10.06"]
[SourceVersion "1"]
[SourceVersionDate "2021.10.06"]
[SourceQuality "1"]

1. e4 e6 2. d4 d5 3. exd5 exd5 4. Bd3 Nc6 5. c3 Bd6 6. h3 Nge7 7. Nf3 Bf5 8. O-O Qd7 9. Bxf5 Nxf5 10. Re1+ Nce7 11. a4 f6 12. Qe2 g5 13. Qe6 Qxe6 14. Rxe6 Kf7 15. Re1 h5 16. g3 g4 17. hxg4 hxg4 18. Nh2 Rag8 19. Nd2 c5 20. Nb3 cxd4 21. Nxd4 Rh7 22. Kg2 Nxd4 23. cxd4 Nc6 24. Be3 f5 25. Nf1 Rgh8 26. Rad1 Ne7 27. Bg5 Ng6 28. Ne3 Rh2+ 29. Kf1 Bb4 30. Nxd5 Rh1+ 31. Ke2 Re8+ 32. Be3 Rxe1+ 33. Rxe1 Bxe1 34. Kxe1 Ne7 35. Nf4 Nc6 36. Kd2 Rd8 37. Kc3 Ne7 38. b4 Nd5+ 39. Nxd5 Rxd5 40. Kc4 Ke6 41. Bf4 Rd8 42. Kd3 Kd5 43. Be3 Rc8 44. Bd2 Rc4 45. Bc3 b6 46. Kd2 Ke4 47. a5 b5 48. Kc2 Kf3 49. d5 Kxf2 50. Kd3 Kxg3 51. d6 Rc8 52. Bf6 f4 53. d7 Rg8 54. d8=Q Rxd8+ 55. Bxd8 f3 56. Bc7+ Kg2 57. Bb6 axb6 58. a6 f2 0-1

[Event "Montreal Mercredi 10"]
[Site "Montreal CAN"]
[Date "2017.11.08"]
[Round "5"]
[White "Charette, Nicolas"]
[Black "Jean, Robert"]
[Result "0-1"]
[WhiteElo "1683"]
[BlackElo "1751"]
[WhiteFideId "-1"]
[WhiteFideId "-1"]
[PlyCount "52"]
[GameId "2160767908317567"]
[EventDate "2017.10.11"]
[EventType "swiss"]
[EventRounds "5"]
[EventCountry "CAN"]
[SourceTitle "EXT 2022"]
[Source "ChessBase"]
[SourceDate "2021.10.06"]
[SourceVersion "1"]
[SourceVersionDate "2021.10.06"]
[SourceQuality "1"]

1. d4 Nf6 2. c4 e6 3. Nc3 Bb4 4. e3 O-O 5. Nge2 d5 6. a3 Be7 7. Ng3 c5 8. Bd3 dxc4 9. Bxc4 cxd4 10. exd4 Nc6 11. Be3 a6 12. O-O b5 13. Bd3 Bb7 14. Rc1 Rc8 15. f4 Nxd4 16. Kh1 Nc6 17. b4 g6 18. f5 exf5 19. Bh6 Re8 20. Nxf5 Nh5 21. Nxe7+ Qxe7 22. Nd5 Qh4 23. Rxf7 Ng3+ 24. Kg1 Qxh6 25. Nf6+ Kxf7 26. Nxe8 Qe3# 0-1

[Event "Montreal Mercredi 10"]
[Site "Montreal CAN"]
[Date "2017.11.08"]
[Round "5"]
[White "Gates, Claude-Eric"]
[Black "Brassard, Sylvain"]
[Result "1/2-1/2"]
[WhiteElo "1821"]
[BlackElo "1772"]
[WhiteFideId "-1"]
[WhiteFideId "-1"]
[PlyCount "123"]
[GameId "2160767908317568"]
[EventDate "2017.10.11"]
[EventType "swiss"]
[EventRounds "5"]
[EventCountry "CAN"]
[SourceTitle "EXT 2022"]
[Source "ChessBase"]
[SourceDate "2021.10.06"]
[SourceVersion "1"]
[SourceVersionDate "2021.10.06"]
[SourceQuality "1"]

1. c4 Nf6 2. g3 c6 3. Bg2 d5 4. Nf3 dxc4 5. Qc2 Be6 6. b3 cxb3 7. axb3 Qd5 8. Ra3 Nbd7 9. O-O Qc5 10. Nc3 Nd5 11. Bb2 Nxc3 12. dxc3 Nf6 13. Rd1 g6 14. c4 Bg7 15. Ne5 O-O 16. b4 Qb6 17. Bd4 Qc7 18. f4 Ng4 19. Nf3 Bxd4+ 20. Nxd4 Bd7 21. c5 a6 22. e4 Nf6 23. Rad3 e5 24. Ne2 exf4 25. gxf4 Bg4 26. e5 Bxe2 27. Qxe2 Nh5 28. Qe4 Ng7 29. Rd7 Qb8 30. Bh3 Re8 31. R1d6 b6 32. Qxc6 bxc5 33. Qd5 Rf8 34. e6 Qxb4 35. e7 Rfe8 36. Rd8 Qe1+ 37. Bf1 Ra7 38. R6d7 Rxd7 39. Rxe8+ Nxe8 40. Qxd7 Qe3+ 41. Kg2 Qe4+ 42. Kg1 Qe3+ 43. Kg2 Qe4+ 44. Kf2 Qd4+ 45. Qxd4 cxd4 46. Bxa6 f5 47. Ke2 Kg7 48. Kd3 Kf7 49. Kxd4 Kxe7 50. Ke5 Nd6 51. Be2 Nf7+ 52. Kd5 Kf6 53. Kd4 Nd8 54. Bc4 h6 55. Be2 g5 56. fxg5+ hxg5 57. Bd3 Nc6+ 58. Ke3 Ne5 59. Be2 Ng4+ 60. Bxg4 fxg4 61. Kf2 Kf5 62. Kg3 1/2-1/2

[Event "Montreal Mercredi 10"]
[Site "Montreal CAN"]
[Date "2017.11.08"]
[Round "5"]
[White "Gauthier, Luc"]
[Black "O'Neill, Brendon"]
[Result "0-1"]
[WhiteElo "1682"]
[BlackElo "1698"]
[WhiteFideId "-1"]
[WhiteFideId "-1"]
[PlyCount "56"]
[GameId "2160767908317569"]
[EventDate "2017.10.11"]
[EventType "swiss"]
[EventRounds "5"]
[EventCountry "CAN"]
[SourceTitle "EXT 2022"]
[Source "ChessBase"]
[SourceDate "2021.10.06"]
[SourceVersion "1"]
[SourceVersionDate "2021.10.06"]
[SourceQuality "1"]

1. e4 c5 2. Nc3 d6 3. f4 Nc6 4. Nf3 Nf6 5. Bb5 Bg4 6. h3 Bd7 7. Bxc6 Bxc6 8. d3 e6 9. O-O Be7 10. Qe1 Nd7 11. Nd1 b5 12. Ne3 Nb6 13. f5 O-O 14. Ng4 exf5 15. Nh6+ gxh6 16. Bxh6 Kh8 17. Bxf8 Qxf8 18. exf5 Bf6 19. c3 Qg7 20. Qd2 Rg8 21. Rae1 Qg3 22. Kh1 Nd7 23. d4 Qg7 24. Re2 cxd4 25. Nxd4 Ba8 26. Nf3 Ne5 27. Nd4 Nc4 28. Qc2 Ne3 0-1

[Event "Montreal Mercredi 10"]
[Site "Montreal CAN"]
[Date "2017.11.08"]
[Round "5"]
[White "Have, Didier"]
[Black "Jacquet, Stephane"]
[Result "1-0"]
[WhiteElo "1981"]
[BlackElo "1987"]
[WhiteFideId "-1"]
[WhiteFideId "-1"]
[PlyCount "183"]
[GameId "2160767908317570"]
[EventDate "2017.10.11"]
[EventType "swiss"]
[EventRounds "5"]
[EventCountry "CAN"]
[SourceTitle "EXT 2022"]
[Source "ChessBase"]
[SourceDate "2021.10.06"]
[SourceVersion "1"]
[SourceVersionDate "2021.10.06"]
[SourceQuality "1"]

1. d4 d6 2. Bf4 Nf6 3. Nc3 g6 4. e4 Bg7 5. Qd2 c6 6. Bd3 O-O 7. O-O-O b5 8. Bh6 b4 9. Nce2 Bxh6 10. Qxh6 Qa5 11. Kb1 Ba6 12. Ng3 Bxd3 13. Rxd3 b3 14. cxb3 Qe1+ 15. Kc2 Na6 16. a3 Ng4 17. Qd2 Qxf2 18. N1e2 Qf6 19. h3 Nf2 20. Rf3 Nxh1 21. Rxf6 Nxg3 22. Rf4 Nxe2 23. Qxe2 Nc7 24. Rh4 Ne6 25. Qd2 Rfc8 26. Qh6 Nf8 27. Kb1 c5 28. e5 dxe5 29. dxe5 Rc6 30. Qg5 Re6 31. Re4 Rb8 32. Qe3 Nd7 33. b4 cxb4 34. Qxa7 bxa3 35. Qxd7 Rxb2+ 36. Ka1 Rxg2 37. Re3 a2 38. Qa7 Kg7 39. Qb7 Rf2 40. Qb5 h5 41. Re2 Rxe2 42. Qxe2 f6 43. exf6+ Kxf6 44. Qf3+ Kg7 45. Kxa2 Rd6 46. Qf4 Ra6+ 47. Kb3 Rb6+ 48. Kc4 Rd6 49. Qe5+ Kf7 50. Kc5 Kf8 51. h4 Kf7 52. Qh8 Ke6 53. Qg7 Kd7 54. Qg8 Ra6 55. Qf7 Rf6 56. Qg8 Ra6 57. Kd5 Ra5+ 58. Ke4 Ra4+ 59. Ke5 Rg4 60. Qf7 Rxh4 61. Qxg6 Rb4 62. Qe6+ Kd8 63. Qc6 Rb2 64. Qa8+ Kc7 65. Qa5+ Kd7 66. Qa4+ Kc7 67. Qc4+ Kb7 68. Qd5+ Kc7 69. Qc5+ Kb7 70. Qxe7+ Kc6 71. Qd6+ Kb7 72. Qd7+ Ka6 73. Qa4+ Kb7 74. Qe4+ Kc7 75. Qc4+ Kb7 76. Kd4 h4 77. Kc3 Rb6 78. Qxh4 Rc6+ 79. Kd4 Rb6 80. Qe7+ Kc6 81. Kc4 Rb8 82. Qe6+ Kc7 83. Kc5 Kd8 84. Qf7 Rb1 85. Qf8+ Kc7 86. Qd6+ Kb7 87. Qd5+ Kc7 88. Qe5+ Kd8 89. Qf6+ Kc7 90. Qf4+ Kd8 91. Kc6 Re1 92. Qd2+ 1-0

[Event "Montreal Mercredi 10"]
[Site "Montreal CAN"]
[Date "2017.11.08"]
[Round "5"]
[White "Nardone, Raul"]
[Black "Barko, Maxim"]
[Result "0-1"]
[WhiteElo "1794"]
[BlackElo "1842"]
[WhiteFideId "-1"]
[WhiteFideId "-1"]
[PlyCount "80"]
[GameId "2160767908317571"]
[EventDate "2017.10.11"]
[EventType "swiss"]
[EventRounds "5"]
[EventCountry "CAN"]
[SourceTitle "EXT 2022"]
[Source "ChessBase"]
[SourceDate "2021.10.06"]
[SourceVersion "1"]
[SourceVersionDate "2021.10.06"]
[SourceQuality "1"]

1. e4 c5 2. Nf3 Nc6 3. d4 cxd4 4. Nxd4 Nf6 5. Nc3 e5 6. Ndb5 d6 7. Nd5 Nxd5 8. exd5 Ne7 9. c4 a6 10. Nc3 g6 11. Bg5 Bg7 12. Ne4 Qa5+ 13. b4 Qxb4+ 14. Bd2 Qb6 15. Rb1 Qc7 16. Bb4 O-O 17. Bxd6 Qd8 18. Bb4 Bf5 19. Bd3 Bxe4 20. Bxe4 Re8 21. O-O Rc8 22. Qb3 Nf5 23. Bxf5 gxf5 24. c5 e4 25. Rbd1 f4 26. d6 Qd7 27. Qh3 f5 28. Rd5 Rf8 29. Rc1 Rf6 30. Bc3 Rh6 31. Qxf5 Qxf5 32. Rxf5 Bxc3 33. Rd1 e3 34. d7 Rd8 35. fxe3 fxe3 36. Kf1 Rxh2 37. Rd6 Rh1+ 38. Ke2 Re1+ 39. Kd3 Bg7 40. Kc4 e2 0-1

[Event "Montreal Mercredi 10"]
[Site "Montreal CAN"]
[Date "2017.11.08"]
[Round "5"]
[White "Nesterov, Timour"]
[Black "Zumsteg, Nicolas"]
[Result "1-0"]
[WhiteElo "1893"]
[BlackElo "1860"]
[WhiteFideId "-1"]
[WhiteFideId "-1"]
[PlyCount "39"]
[GameId "2160767908317572"]
[EventDate "2017.10.11"]
[EventType "swiss"]
[EventRounds "5"]
[EventCountry "CAN"]
[SourceTitle "EXT 2022"]
[Source "ChessBase"]
[SourceDate "2021.10.06"]
[SourceVersion "1"]
[SourceVersionDate "2021.10.06"]
[SourceQuality "1"]

1. d4 Nf6 2. Bf4 g6 3. e3 Bg7 4. Nf3 O-O 5. c4 d5 6. Nc3 c6 7. Bd3 dxc4 8. Bxc4 b5 9. Be2 Bb7 10. O-O Nbd7 11. Ne5 Nd5 12. Nxd5 cxd5 13. Bxb5 Nxe5 14. Bxe5 Bxe5 15. dxe5 e6 16. Rc1 Qb6 17. Be2 Rfc8 18. Qd4 Qa5 19. a3 Rc7 20. b4 1-0

[Event "Montreal Mercredi 10"]
[Site "Montreal CAN"]
[Date "2017.11.08"]
[Round "5"]
[White "O'Connor, Michael"]
[Black "Jia, Zhe"]
[Result "1-0"]
[WhiteElo "1802"]
[BlackElo "1823"]
[WhiteFideId "-1"]
[WhiteFideId "-1"]
[PlyCount "61"]
[GameId "2160767908317573"]
[EventDate "2017.10.11"]
[EventType "swiss"]
[EventRounds "5"]
[EventCountry "CAN"]
[SourceTitle "EXT 2022"]
[Source "ChessBase"]
[SourceDate "2021.10.06"]
[SourceVersion "1"]
[SourceVersionDate "2021.10.06"]
[SourceQuality "1"]

1. d4 d5 2. c4 c6 3. Nf3 Nf6 4. Nc3 dxc4 5. a4 Bf5 6. e3 e6 7. Bxc4 Bb4 8. O-O O-O 9. Qb3 Qb6 10. Na2 Be7 11. Nc3 Qxb3 12. Bxb3 a5 13. Ne5 Nbd7 14. Nxd7 Nxd7 15. e4 Bg6 16. Be3 e5 17. dxe5 Nxe5 18. Rfd1 Ng4 19. Bf4 Rfe8 20. h3 Nf6 21. e5 Ne4 22. Nxe4 Bxe4 23. Rd7 Kf8 24. g4 b5 25. Rb7 Rab8 26. Rxb8 Rxb8 27. e6 Rb7 28. exf7 bxa4 29. Be6 Rxb2 30. Rxa4 Bb4 31. Rxb4 1-0

[Event "Montreal Mercredi 10"]
[Site "Montreal CAN"]
[Date "2017.11.08"]
[Round "5"]
[White "Pomerantz, Daniel"]
[Black "Lopez Linares, Lizandro"]
[Result "1/2-1/2"]
[WhiteElo "2056"]
[BlackElo "2209"]
[WhiteFideId "-1"]
[WhiteFideId "-1"]
[PlyCount "164"]
[GameId "2160767908317574"]
[EventDate "2017.10.11"]
[EventType "swiss"]
[EventRounds "5"]
[EventCountry "CAN"]
[SourceTitle "EXT 2022"]
[Source "ChessBase"]
[SourceDate "2021.10.06"]
[SourceVersion "1"]
[SourceVersionDate "2021.10.06"]
[SourceQuality "1"]

1. e4 e6 2. d4 d5 3. Nd2 Nf6 4. e5 Nfd7 5. Bd3 c5 6. c3 Nc6 7. Ne2 g6 8. O-O Bg7 9. Nf3 O-O 10. Re1 Qc7 11. h4 Rb8 12. h5 c4 13. Bb1 Re8 14. Nf4 Nf8 15. Nh2 b5 16. Ng4 Qe7 17. a3 Rb7 18. Nh3 Nd7 19. Qf3 Qh4 20. h6 f5 21. exf6 Bxf6 22. Nxf6+ Qxf6 23. Qg3 Nf8 24. Bg5 Qf7 25. Re3 e5 26. dxe5 Bxh3 27. gxh3 Ne6 28. Bf6 d4 29. cxd4 Ncxd4 30. Be4 Rd7 31. h4 Nc5 32. h5 Nxe4 33. Rxe4 Nf5 34. Qg5 Rd4 35. Rae1 Rxe4 36. Rxe4 Kf8 37. hxg6 hxg6 38. Rg4 Qh7 39. Qxg6 Qxg6 40. Rxg6 Kf7 41. h7 Kxg6 42. h8=Q Rxh8 43. Bxh8 a5 44. Kf1 Nd4 45. Ke1 Kf5 46. Kd2 b4 47. axb4 axb4 48. e6 Nb3+ 49. Kc2 Kxe6 50. Bg7 Kd5 51. Bf8 Nd4+ 52. Kd2 Nc6 53. Ke3 b3 54. Bg7 Ne7 55. Kf4 Ng6+ 56. Ke3 Nh4 57. Bc3 Nf5+ 58. Kf4 Nd4 59. Ke3 Nb5 60. Kd2 Ke4 61. Ba5 Nd4 62. f4 Kd5 63. Bc7 Ne6 64. Be5 Nc5 65. Kc3 Nd3 66. Bc7 Nf2 67. Be5 Nd1+ 68. Kb4 Ne3 69. Kc3 Nf5 70. Kb4 Ng3 71. Bc3 Nf1 72. f5 Ne3 73. f6 Nc2+ 74. Kb5 Ke6 75. Kxc4 Na1 76. Kc5 Nc2 77. Kc4 Na1 78. Bd4 Kf7 79. Kd5 Nc2 80. Be5 Na1 81. Kc4 Ke6 82. Kc3 Kf7 1/2-1/2

[Event "Montreal Mercredi 10"]
[Site "Montreal CAN"]
[Date "2017.11.08"]
[Round "5"]
[White "Soudre, Nicolas"]
[Black "Zheng, Richard"]
[Result "1-0"]
[WhiteElo "2162"]
[BlackElo "2115"]
[WhiteFideId "-1"]
[WhiteFideId "-1"]
[PlyCount "129"]
[GameId "2160767908317576"]
[EventDate "2017.10.11"]
[EventType "swiss"]
[EventRounds "5"]
[EventCountry "CAN"]
[SourceTitle "EXT 2022"]
[Source "ChessBase"]
[SourceDate "2021.10.06"]
[SourceVersion "1"]
[SourceVersionDate "2021.10.06"]
[SourceQuality "1"]

1. e4 e5 2. f4 exf4 3. Bc4 d5 4. Bxd5 Nf6 5. Nc3 c6 6. Bb3 Bb4 7. d3 O-O 8. Bxf4 Re8 9. Nge2 Qb6 10. Qd2 Bg4 11. a3 Ba5 12. Be3 Qc7 13. O-O Nbd7 14. Ng3 Rad8 15. Qf2 Be6 16. Bf4 Qc8 17. Bxe6 fxe6 18. e5 Bb6 19. Be3 Ng4 20. Qf7+ Kh8 21. Bxb6 Ngxe5 22. Qh5 axb6 23. Nce4 Qc7 24. d4 Ng6 25. Rf7 Kg8 26. Raf1 Nh8 27. R7f3 Nf8 28. Qg5 Nfg6 29. h4 h6 30. Qg4 Kh7 31. h5 Ne7 32. Qxe6 Qd7 33. Qxd7 Rxd7 34. c3 Nd5 35. Rf8 Rxf8 36. Rxf8 Nf7 37. Rc8 Nc7 38. Rb8 Ne6 39. a4 Nfd8 40. Nf5 Nf4 41. g4 Nfe6 42. Ned6 Nf4 43. Ra8 Nd5 44. Rc8 Nf6 45. Nc4 Ne6 46. Ne5 Rd8 47. Rxd8 Nxd8 48. Kf2 Kg8 49. Kf3 Kf8 50. Nc4 Nd5 51. Nfe3 Nf6 52. Nxb6 Kf7 53. Nbc4 Ke6 54. Nf5 Kf7 55. Ne5+ Kf8 56. Nc4 Kf7 57. Nfd6+ Ke6 58. Ne4 Nh7 59. Ne3 Ke7 60. b4 Ne6 61. Nc5 Nhg5+ 62. Ke2 Nd8 63. Nf5+ Kf8 64. a5 Ngf7 65. Nxb7 1-0